000 01171nmm a2200313 a 4500
001 ocm000578237
003 TR-IsHL
005 20201028133123.0
008 131121s2006 tu tur
007 cr cn
020 _a9789758803675
035 _a578237
_b(N$T)
050 0 4 _aDR576
_b.H36 2006
090 0 4 _aDR576
_b.H36 2006
100 1 _aHanioğlu, M. Şükrü
245 1 0 _aOsmanlı'dan Cumhuriyet'e zihniyet, siyaset ve tarih
_h[electronic resource] /
_cM. Şükrü Hanioğlu
260 _aİstanbul :
_bBağlam Yayıncılık,
_c2006
300 _a143 p.
650 4 _aTarih
650 4 _aHistory
650 0 _aTürkiye
_x Tarih
_x Osmanlı İmparatorluğu, 1288-1918
650 0 _aTurkey
_x History
_x Ottoman Empire, 1288-1918
650 0 _aTürkiye
_xSiyaset ve Yönetim
_x20. Yüzyıl
650 0 _aTurkey
_xPolitics and Government
_x20th Century
650 0 _aTürkiye
_xSiyaset ve Yönetim
_x19. Yüzyıl
650 0 _aTurkey
_xPolitics and Government
_x19th Century
650 7 _aHISTORY / Middle East / Turkey & Ottoman Empire
_2bisacsh
856 4 0 _uhttp://search.ebscohost.com/login.aspx?direct=true&scope=site&db=e011xww&AN=578237
999 _c5467
_d5467